All 1M+ Cities in North Africa (with a map) - Statistics

General Stats
  • This quiz has been taken 328 times
  • The average score is 12 of 14
Answers on the Map
Answers color-coded by a green-red scale on the quiz's map according to % correct below.
 
Answer Stats
City Population % Correct
Cairo 21.5 mi
100%
Algiers 4.02 mi
99%
Tunis 2.72 mi
99%
Alexandria 5.95 mi
98%
Casablanca 4.55 mi
98%
Rabat 2.07 mi
97%
Tripoli 1.29 mi
97%
Khartoum 6.5 mi
93%
Fez 1.29 mi
86%
Marrakech 1.13 mi
85%
Tangier 1.14 mi
74%
Oran 1.51 mi
71%
Agadir 1.22 mi
56%
Sousse 1.17 mi
51%
No matching quizzes found
Score Distribution
Percent of People with Each Score
Percentile by Number Answered
Your Score History
You have not taken this quiz